- Educación fundamental
Entry Materia
001 - NÚMERO DE CONTROL DEL REGISTRO
- campo de control: 13329
003 - IDENTIFICADOR DE NUMERO DE CONTROL
- campo de control: DLC
005 - FECHA Y HORA DE LA ÚLTIMA TRANSACCIÓN
- campo de control: 20240828132133.0
008 - DATOS DE LONGITUD FIJA
- campo de control de longitud fija: 240828n||acannbabn b a|a |d
010 ## - NÚMERO DE CONTROL DE LA BIBLIOTECA DEL CONGRESO (LC)
- LC control number: sh 85052365
035 ## - NÚMERO DE CONTROL DEL SISTEMA
- Número de control del sistema: UPN10000013337
035 ## - NÚMERO DE CONTROL DEL SISTEMA
- Número de control del sistema: (DLC)sh 85052365
035 ## - NÚMERO DE CONTROL DEL SISTEMA
- Número de control del sistema: (DLC)50593
040 ## - FUENTE DE LA CATALOGACIÓN
- Lengua de catalogación: spa
- Agencia de transcripción: DLC
- Centro catalogador de origen: DLC
- Agencia de modificación: DLC
- Agencia de modificación: MX-MxUPN
053 #4 - NÚMERO CLASIFICADOR - BIBLIOTECA DEL CONGRESO (LC)
- Elemento numérico de la clasificación - Número único o no. inicial del rango: LC215
053 #4 - NÚMERO CLASIFICADOR - BIBLIOTECA DEL CONGRESO (LC)
- Elemento numérico de la clasificación - Número único o no. inicial del rango: LC5161
- Elemento numérico de la clasificación - Número único o no. final del rango: LC5163
150 ## - ENCABEZAMIENTO - TEMÁTICO
- Término de materia o nombre geográfico como elemento inicial: Educación fundamental
670 ## - FUENTE EN LA QUE SE LOCALIZARON DATOS
- Cita de la fuente: LC, 28 agosto 2024 :
- Información localizada: (Fundamental education)
- Enlace: https://lccn.loc.gov/sh85052365
902 ## - CATALOGADOR
- Catalogador: MMA/311096
- Catalogador: MaríaRobles/280824
